Logo BPK

Biblioteka

Politechniki Koszalińskiej

10th IEEE International Conference on Methods and Models in Automation and Robotics (Rekord nr 41196)

Szczegóły MARC
000 -ETYKIETA REKORDU
podpole kontrolne o stałej długości 01537nam a2200385 i 4500
001 - NUMER KONTROLNY REKORDU
pole kontrolne bg
020 ## - MIĘDZYNARODOWY ZNORMALIZOWANY NUMER KSIĄŻKI - ISBN
ISBN 88764144 (CD)
040 ## - ŹRÓDŁO KATALOGOWANIA
Instytucja, która utworzyła rekord BPK
041 0# - KOD JĘZYKA
Kod języka tekstu eng
044 ## - KOD KRAJU WYDAWCY/PRODUCENTA
Kod kraju wydawcy/producenta POL
080 ## - UNIWERSALNA KLASYFIKACJA DZIESIĘTNA - UKD
UKD 681.5
080 ## - UNIWERSALNA KLASYFIKACJA DZIESIĘTNA - UKD
UKD 62-52
080 ## - UNIWERSALNA KLASYFIKACJA DZIESIĘTNA - UKD
UKD 007.5
080 ## - UNIWERSALNA KLASYFIKACJA DZIESIĘTNA - UKD
UKD (06)
080 ## - UNIWERSALNA KLASYFIKACJA DZIESIĘTNA - UKD
UKD (0.034.44)
920 ## - Międzynarodowy znormalizowany numer książki – ISBN
ISBN 83-88764-14-4 (CD)
ISBN błędny lub unieważniony 88764-14-4 (CD)
008 - POLE O STAŁEJ DŁUGOŚCI - DANE KONTROLNE
podpole kontrolne o stałej długości 110315s2004 pl a |000 0 pol
111 2# - NAZWA IMPREZY
Nazwa imprezy IEEE International Conference on Methods and Models in Automation and Robotics
Oznaczenie części/sekcji/imprezy (10 ;
Data imprezy 2004 ;
Miejsce imprezy Międzyzdroje).
245 10 - TYTUŁ/ODPOWIEDZIALNOŚĆ
Tytuł 10th IEEE International Conference on Methods and Models in Automation and Robotics
Typ dokumentu [Dokument elektroniczny] :
Ciąg dalszy tytułu Międzyzdroje, Poland, August 30 - September 2, 2004 /
Pozostałe elementy strefy tytułu i oznaczenia odpowiedzialności [charmain Zbigniew Emirsajłow ; organizer Institute of Control Engineering, Technical University of Szczecin].
246 31 - WARIANT TYTUŁU
Tytuł Methods and models in automation and robotics
246 33 - WARIANT TYTUŁU
Tytuł MMAR 2004
260 ## - STREFA ADRESU WYDAWNICZEGO
Miejsce wydania Szczecin :
Nazwa wydawcy/dystrybutora Wydawnictwo Uczelniane Politechniki Szczecińskiej,
Data publikacji, dystrybucji/powstania dokumentu 2004.
300 ## - STREFA OPISU FIZYCZNEGO
Objętość 1 dysk optyczny (CD-ROM) :
Inne cechy fizyczne kolor. ;
Rozmiary 12 cm
500 ## - UWAGI OGÓLNE
Tekst uwagi Tytuł z ekranu tyt.
500 ## - UWAGI OGÓLNE
Tekst uwagi Abstrakty dostępne również w wersji drukowanej.
504 ## - UWAGA DOTYCZĄCA BIBLIOGRAFII
Informacje o bibliografii Bibliogr. przy ref. Indeks.
650 #4 - HASŁO PRZEDMIOTOWE W FORMIE NAZWY OGÓLNEJ LUB JEDNOSTKOWEJ
Nazwa ogólna lub geograficzna Automatyka
650 #4 - HASŁO PRZEDMIOTOWE W FORMIE NAZWY OGÓLNEJ LUB JEDNOSTKOWEJ
Nazwa ogólna lub geograficzna Sterowanie
Określnik ogólny modele matematyczne
650 #4 - HASŁO PRZEDMIOTOWE W FORMIE NAZWY OGÓLNEJ LUB JEDNOSTKOWEJ
Nazwa ogólna lub geograficzna Roboty i manipulatory
Określnik ogólny modele matematyczne
650 #4 - HASŁO PRZEDMIOTOWE W FORMIE NAZWY OGÓLNEJ LUB JEDNOSTKOWEJ
Nazwa ogólna lub geograficzna Materiały konferencyjne
650 #4 - HASŁO PRZEDMIOTOWE W FORMIE NAZWY OGÓLNEJ LUB JEDNOSTKOWEJ
Nazwa ogólna lub geograficzna CD ROM
700 1# - HASŁO DODATKOWE - NAZWA OSOBOWA
Nazwa osobowa Emirsajłow, Zbigniew.
Określenie związku między hasłem a opisywanym materiałem Red.
710 2# - HASŁO DODATKOWE - NAZWA CIAŁA ZBIOROWEGO
Nazwa ciała zbiorowego lub jednostki geograficznej Politechnika Szczecińska, Instytut Automatyki Przemysłowej (Szczecin).
856 ## - LOKALIZACJA I DOSTĘP DO ELEKTRONICZNYCH DOKUMENTÓW ZDALNYCH
Link (URL) http://koha.tu.koszalin.pl/cgi-bin/koha/opac-detail.pl?biblionumber=41196
Tekst linku Katalog online BPK
942 ## - DODATKOWE ELEMENTY (KOHA)
Typ dokumentu Płyta CD
Egzemplarze
Wycofany Status egzemplarza Uszkodzony Dostępność Lokalizacja stała Lokalizacja bieżąca Miejsce przechowywania Sygnatura Kod kreskowy Dział Typ dokumentu
      Tylko na miejscu Czytelnia Wydziału Elektroniki i Informatyki, Wydziału Architektury i Wzornictwa, Wydziału Inżynierii Mechanicznej i Energetyki oraz Wydziału Inżynierii Lądowej, Środowiska i Geodezji Czytelnia Wydziału Elektroniki i Informatyki, Wydziału Architektury i Wzornictwa, Wydziału Inżynierii Mechanicznej i Energetyki oraz Wydziału Inżynierii Lądowej, Środowiska i Geodezji Czytelnia Wydziałowa ul. Śniadeckich 2 CD 1671 02200415 681.5 Automatyka. Mechatronika (gablota) Płyta CD
© 2023 Biblioteka Politechniki Koszalińskiej :: KOHA